Gen Alpha Words-35 Second Sprint - Statistics

General Stats
  • This quiz has been taken 15 times
  • The average score is 4 of 10
Answer Stats
Hint Answer % Correct
Short for charisma Rizz
92%
Greek letter Sigma
92%
State Ohio
75%
Giving someone food Fanum Tax
67%
Fights the last option Skibidi
50%
No clip to the _________ Backrooms
17%
Fights the first option Cameraman
8%
What's _____? Updog
8%
The previous doesn't have one Gyatt
0%
Numbers Six Seven
0%
No matching quizzes found
Score Distribution
Percent of People with Each Score
Percentile by Number Answered
Your Score History
You have not taken this quiz